h1

h2

h3

h4

h5
h6
000726789 001__ 726789
000726789 005__ 20251030081343.0
000726789 0247_ $$2ISBN$$a978-3-95886-223-4
000726789 037__ $$aRWTH-2018-225220
000726789 041__ $$aEnglish
000726789 1001_ $$0P:(DE-82)019552$$aHennig, Alexander$$b0$$eCorresponding author$$urwth
000726789 1112_ $$a1. International Conference Mines of the Future$$cAachen$$d2018-05-23 - 2018-05-24$$gAIMS 2018$$wGermany
000726789 245__ $$aAssessment of airborne particulate pollution around surface quarries: Reliable quantification of mineral dust emissions and deposition$$hprint
000726789 260__ $$aAachen$$bVerlag Mainz$$c2018
000726789 29510 $$aAbstract volume First International Conference Mines of the Future : 23 - 24 May 2018 / MRE Institute of Mineral Resources Engineering, RWTH Aachen University ; Lottermoser BG (editor)
000726789 300__ $$aPoster-10, 90-90
000726789 3367_ $$033$$2EndNote$$aConference Paper
000726789 3367_ $$0PUB:(DE-HGF)1$$2PUB:(DE-HGF)$$aAbstract$$babstract$$mabstract
000726789 3367_ $$0PUB:(DE-HGF)7$$2PUB:(DE-HGF)$$aContribution to a book
000726789 3367_ $$0PUB:(DE-HGF)8$$2PUB:(DE-HGF)$$aContribution to a conference proceedings
000726789 3367_ $$2BibTeX$$aINPROCEEDINGS
000726789 3367_ $$2DRIVER$$aconferenceObject
000726789 3367_ $$2DataCite$$aOutput Types/Conference Abstract
000726789 3367_ $$2ORCID$$aOTHER
000726789 591__ $$aGermany
000726789 7001_ $$0P:(DE-82)IDM03442$$aFreer, Justus$$b1$$urwth
000726789 7870_ $$0RWTH-2018-230409$$iHasPart
000726789 909CO $$ooai:publications.rwth-aachen.de:726789$$pVDB
000726789 9101_ $$0I:(DE-588b)36225-6$$6P:(DE-82)019552$$aRWTH Aachen$$b0$$kRWTH
000726789 9101_ $$0I:(DE-588b)36225-6$$6P:(DE-82)750433$$aRWTH Aachen$$b1$$kRWTH
000726789 9201_ $$0I:(DE-82)511110_20151029$$k511110$$lLehrstuhl für Nachhaltige Rohstoffgewinnung und Institut für Rohstoffingenieurwesen$$x0
000726789 9201_ $$0I:(DE-82)510000_20140620$$k510000$$lFachgruppe für Rohstoffe und Entsorgungstechnik$$x1
000726789 961__ $$c2018-06-20T13:58:21.320176$$x2018-06-20T13:58:21.320176$$z2018-06-20
000726789 980__ $$aI:(DE-82)510000_20140620
000726789 980__ $$aI:(DE-82)511110_20151029
000726789 980__ $$aUNRESTRICTED
000726789 980__ $$aVDB
000726789 980__ $$aabstract
000726789 980__ $$acontb
000726789 980__ $$acontrib